| 000 | 01074cam a2200277 i 4500 | ||
|---|---|---|---|
| 003 | SA-RiAUC | ||
| 005 | 20250802041847.0 | ||
| 008 | 250802s1982 su g b 00000 ara c | ||
| 040 |
_aSA-RiAUC _bara _cSA-RiAUC _erda |
||
| 082 | 0 | 4 | _a257.2 |
| 090 |
_a257.2 _bس ن ا |
||
| 100 | 1 |
_aالسنامي، عمر بن محمد بن عوض. _eمؤلف. |
|
| 245 | 1 | 0 |
_aنصاب الاحتساب / _cتأليف عمر بن محمد بن عوض السنامي ؛ تحقيق وتقديم ودراسة موئل يوسف عز الدين. |
| 250 | _aالطبعة الأولى. | ||
| 264 | 1 |
_aالرياض : _bدارالعلوم، _c1983. |
|
| 300 |
_a303 صفحة ؛ _c24 سم |
||
| 336 |
_aنص _btxt _2rdacontent _3كتاب |
||
| 337 |
_aبدون وسيط _bn _2rdamedia |
||
| 338 |
_aمجلد _bnc _2rdacarrier |
||
| 500 | _aاهداء من المحقق | ||
| 504 | _aببليوجرافية : صفحة 301-303. | ||
| 650 | 7 |
_aالحسبة _2aucsh |
|
| 700 | 1 |
_aعز الدين، موئل يوسف _eمحقق. |
|
| 942 |
_2ddc _cBOOK |
||
| 949 |
_aSA-JeALM _d250802 _ukhaled123 _n1 |
||
| 999 |
_c10447 _d10447 |
||